000 00440nam a22001577a 4500
999 _c3269
_d3269
008 200324b ||||| |||| 00| 0 eng d
082 0 0 _a621.38132
_bA793
100 _92779
_aArumugam, M.
245 1 0 _aElectric circuit theory /
_cby M. Arumugam and N. Premakumaran
250 _a1st ed.
260 _aDelhi
_bKhanna Publications
_c1979
300 _a349 p.
650 0 _aElectric circuits
700 _92780
_aPremakumaran, N.
942 _cBK